000 00349nam a2200133Ia 4500
005 20260328101528.0
008 260328s9999||||xx |||||||||||||| ||und||
100 _aOrihuela Uzal, Antonio
245 0 _aCasas y Palacios Nasariez Siglo XIII-XV /
_cAntonio Orihuela Uzal
260 _bLumberg
300 _a388 p.
650 _aEDAD MEDIA
942 _cBK
999 _c9877
_d9877